书目信息 |
| 题名: |
文化.权力与国家
|
|
| 作者: | 美杜赞奇 ;王福明 | |
| 分册: | ||
| 出版信息: | 南京 江苏人民出版社 2003 |
|
| 页数: | 203页 | |
| 开本: | 20cm | |
| 丛书名: | ||
| 单 册: | ||
| 中图分类: | D693.62 | |
| 科图分类: | ||
| 主题词: | 政治--中国 | |
| 电子资源: | ||
| ISBN: | 7-214-01270-7 | |
| 000 | 00578nam0 2200193 450 | |
| 001 | 0728815141 | |
| 005 | 20070819080015.14 | |
| 010 | @a7-214-01270-7@d¥15.00 | |
| 100 | @a20070819d km y0chiy0120 ea | |
| 101 | 0 | @achi |
| 200 | 1 | @a文化.权力与国家@Awen hua.quan li yu guo jia@f[美]杜赞奇@F[mei]du zan qi@g王福明@Gwang fu ming |
| 210 | @a南京@c江苏人民出版社@d2003 | |
| 215 | @a203页@d20cm | |
| 606 | 0 | @a政治@x中国 |
| 690 | @aD693.62@v3 | |
| 701 | 0 | @a美杜赞奇@Amei du zan qi |
| 702 | 0 | @a王福明@Awang fu ming |
| 801 | 0 | @aCN@bPFT@c20070819 |
| 905 | @a213230@dD693.62@eZW15@f1 | |
| 文化.权力与国家/[美]杜赞奇/王福明.-南京:江苏人民出版社,2003 |
| 203页;20cm |
| ISBN 7-214-01270-7:¥15.00 |
| ● |
| 相关链接 |
|
|
|
|
正题名:文化·权力与国家
索取号:D693.62/ZW15
 
预约/预借
| 序号 | 登录号 | 条形码 | 馆藏地/架位号 | 状态 | 备注 |
| 1 | 7601379 | 276013797 | 密集书库-文学院/ [索取号:D693.62/ZW15] | 在馆 |